| 000 | 01092nam a22003257a 4500 | ||
|---|---|---|---|
| 003 | CHAP | ||
| 005 | 20220329141010.0 | ||
| 008 | 971013s1996 r 00010 d | ||
| 010 | _a61070 | ||
| 011 | _a62042 | ||
| 035 | _a66216 | ||
| 040 | _cCHAP | ||
| 090 | _aTesis | ||
| 100 | 0 | 0 |
_aPérez Soto, Ma. Teresa. _990047 |
| 245 | _aAnálisis de la oferta y la demanda del tequila en México de 1970 a 1994 | ||
| 260 |
_aChapingo, Méx. : _bEl autor, _c1996 |
||
| 300 |
_a63 h. _b; gráfs. ; anexos |
||
| 502 | _aTesis (Lic. en Comercio Internacional) -- UACH. Departamento de Economía Agrícola | ||
| 590 |
_aALEPH _b10 _c20130110 _lUCH01 _h1340 |
||
| 590 |
_aBATCH-UPD _b10 _c20130110 _lUCH01 _h1103 |
||
| 590 |
_aBATCH-UPD _b10 _c20130410 _lUCH01 _h0655 |
||
| 590 |
_aBATCH-UPD _b10 _c20130914 _lUCH01 _h1849 |
||
| 590 |
_aCONVERSION _b10 _c20130109 _lUCH01 _h1333 |
||
| 650 | 1 | 4 |
_aOferta y demanda. _982790 |
| 650 | 1 | 4 |
_aTequila. _9112336 |
| 901 | _aBK | ||
| 942 | _cFOLL | ||
| 949 |
_bBC _cTES _d-151374 _eTS1 _h29240 _i66216 _si |
||
| 949 |
_bBC _cTES _d33724000620654 _eTS2 _fc.2 _h29241 _i66216 _si |
||
| 999 |
_c61070 _d61070 |
||